000
00290nam a22001217a 4500
008
170615b xxu||||| |||| 00| 0 eng d
041
_a
eng
080
_a
94
100
_a
19
101
_a
SHH
245
_a
THE INTELLIGENT WOMANS YO SOCIALISM AND CAPITALISM
_c
SHAW.B
942
_2
udc
_c
BK
999
_c
17621
_d
17621